[Event "Rhein Main op-B 21st"]
[Site "Bad Homburg"]
[Date "2018.06.02"]
[Round "5"]
[White "Breitbach, Stephan"]
[Black "Drumm, Beate"]
[Result "1-0"]
[WhiteElo "1664"]
[BlackElo "1481"]
[PlyCount "75"]
[EventDate "2018.05.30"]
[EventType "swiss"]
[EventRounds "7"]
[EventCountry "GER"]
[SourceTitle "EXT 2019"]
[Source "ChessBase"]
[SourceDate "2018.10.10"]
[SourceVersion "1"]
[SourceVersionDate "2018.10.10"]
[SourceQuality "1"]

1. d4 d6 2. e4 Nf6 3. Nc3 g6 4. Nf3 Bg7 5. Bc4 c6 6. 0-0 0-0 7. Qe2 Qc7 8. Bf4 Nh5 9. Be3 e5 10. d5 Nd7 11. Qd2 Nb6 12. Bb3 cxd5 13. Bxb6 Qxb6 14. Nxd5 Qd8 15. Rfd1 Bg4 16. Qd3 Rc8 17. h3 Be6 18. Qb5 b6 19. a4 Rc5 20. Qa6 Qd7 21. a5 b5 22. c4 f5 23. Ng5 Bxd5 24. Rxd5 Rxd5 25. cxb5 Nf6 26. Bxd5+ Nxd5 27. exd5 Rb8 28. Rc1 Bf8 29. Qc6 Qb7 30. Ne6 Bh6 31. Qxb7 Rxb7 32. Rc8+ Kf7 33. Nd8+ Ke7 34. Nxb7 Kd7 35. Rc6 Bf8 36. b6 a6 37. Rc7+ Ke8 38. Rxh7 1-0

[Event "Rhein Main op-B 21st"]
[Site "Bad Homburg"]
[Date "2018.06.02"]
[Round "6"]
[White "Neagu, Liviu1111"]
[Black "Breitbach, Stephan"]
[Result "1/2-1/2"]
[WhiteElo "1562"]
[BlackElo "1664"]
[PlyCount "86"]
[EventDate "2018.05.30"]
[EventType "swiss"]
[EventRounds "7"]
[EventCountry "GER"]
[SourceTitle "EXT 2019"]
[Source "ChessBase"]
[SourceDate "2018.10.10"]
[SourceVersion "1"]
[SourceVersionDate "2018.10.10"]
[SourceQuality "1"]

1. d4 Nf6 2. c4 e6 3. Nf3 d5 4. e3 Be7 5. Nc3 0-0 6. Bd3 Nc6 7. cxd5 exd5 8. 0-0 Re8 9. h3 Bf8 10. a3 Ne4 11. Qb3 Nxc3 12. bxc3 Qf6 13. Qxd5 Be6 14. Qg5 Be7 15. Qxf6 Bxf6 16. c4 Na5 17. c5 Rad8 18. Nd2 Be7 19. Bb5 c6 20. Ba4 Bf6 21. Rb1 Rd5 22. Bb3 Nxb3 23. Nxb3 Rg5 24. Kh2 Bf5 25. Rb2 Bd3 26. Rd1 Bb5 27. Nd2 Rd5 28. Rg1 g6 29. Nb1 Ba6 30. Rb4 Bd8 31. Nc3 Rf5 32. Rb2 Ba5 33. Na2 Re6 34. Nb4 Bc4 35. f3 Ref6 36. e4 Rh5 37. e5 Bc7 38. g4 Rxe5 39. dxe5 Bxe5+ 40. Kg2 Bxb2 41. Bxb2 Re6 42. Bc1 a5 43. Nxc6 bxc6 1/2-1/2

[Event "Frankfurt-chA"]
[Site "Frankfurt"]
[Date "2018.05.07"]
[Round "2"]
[White "Breitbach, Stephan"]
[Black "Weiland, Thomas"]
[Result "0-1"]
[WhiteElo "1524"]
[BlackElo "1697"]
[PlyCount "80"]
[EventDate "2018.04.30"]
[EventType "swiss"]
[EventRounds "7"]
[EventCountry "GER"]
[SourceTitle "EXT 2019"]
[Source "ChessBase"]
[SourceDate "2018.10.10"]
[SourceVersion "1"]
[SourceVersionDate "2018.10.10"]
[SourceQuality "1"]

1. d4 c6 2. c4 d5 3. e3 Nf6 4. Nc3 g6 5. cxd5 cxd5 6. Bd3 Bg7 7. Nf3 0-0 8. Qc2 Nc6 9. a3 e6 10. 0-0 Bd7 11. Bd2 Rc8 12. Rac1 a6 13. Qb1 b5 14. Na2 Re8 15. Nb4 Nxb4 16. Bxb4 Bc6 17. Ne5 Bb7 18. Rxc8 Qxc8 19. Rc1 Qb8 20. Nc6 Bxc6 21. Rxc6 Qa8 22. Qc2 Bf8 23. Bd2 Kg7 24. a4 Rb8 25. g3 Ne8 26. axb5 axb5 27. Kg2 Nd6 28. Rc3 Nc4 29. Rb3 Nxd2 30. Qxd2 b4 31. Be2 Rc8 32. Qd3 Rc1 33. Bf3 Qa1 34. e4 Rg1+ 35. Kh3 Qc1 36. Qe3 Qf1+ 37. Kg4 h5+ 38. Kf4 Bd6+ 39. e5 Be7 40. Rd3 g5# 0-1

[Event "Frankfurt-chA"]
[Site "Frankfurt"]
[Date "2018.04.30"]
[Round "1"]
[White "Hochmuth, Christian"]
[Black "Breitbach, Stephan"]
[Result "1-0"]
[WhiteElo "1896"]
[BlackElo "1524"]
[PlyCount "51"]
[EventDate "2018.04.30"]
[EventType "swiss"]
[EventRounds "7"]
[EventCountry "GER"]
[SourceTitle "EXT 2019"]
[Source "ChessBase"]
[SourceDate "2018.10.10"]
[SourceVersion "1"]
[SourceVersionDate "2018.10.10"]
[SourceQuality "1"]

1. c4 c5 2. g3 Nf6 3. Bg2 g6 4. Nc3 Bg7 5. Nf3 0-0 6. 0-0 Nc6 7. e4 d6 8. h3 Be6 9. d3 Qd7 10. Ng5 Ne8 11. Be3 Nd4 12. Ne2 f5 13. Bxd4 cxd4 14. exf5 Bxf5 15. g4 Bxg4 16. hxg4 Qxg4 17. Nh3 Rf3 18. Ng3 Rxg3 19. fxg3 Qxg3 20. Qf3 Qh4 21. Qf4 Qh5 22. Qf7+ Kh8 23. Qxe7 Nf6 24. Rxf6 Bxf6 25. Qxf6+ Kg8 26. Bd5+ 1-0

[Event "Frankfurt-chA"]
[Site "Frankfurt"]
[Date "2017.05.02"]
[Round "2"]
[White "Krischak, Werner"]
[Black "Breitbach, Stephan"]
[Result "1/2-1/2"]
[WhiteElo "1719"]
[BlackElo "1503"]
[PlyCount "53"]
[EventDate "2017.04.24"]
[EventType "swiss"]
[EventRounds "7"]
[EventCountry "GER"]
[SourceTitle "EXT 2018"]
[Source "ChessBase"]
[SourceDate "2017.10.13"]
[SourceVersion "1"]
[SourceVersionDate "2017.10.13"]
[SourceQuality "1"]

1. d4 d5 2. c4 c6 3. Nf3 Nf6 4. Nc3 e6 5. e3 b6 6. Bd3 Bd6 7. 0-0 0-0 8. e4 dxe4 9. Nxe4 Nxe4 10. Bxe4 Bb7 11. Ng5 g6 12. d5 exd5 13. cxd5 Qc7 14. f4 h6 15. Bxg6 hxg5 16. Qh5 fxg6 17. Qxg6+ Kh8 18. Be3 Bc5 19. Bxc5 bxc5 20. Rf3 Qg7 21. Rh3+ Kg8 22. Qe6+ Qf7 23. Qh6 Qg7 24. Qe6+ Qf7 25. Qh6 Qg7 26. Qe6+ Qf7 27. Qh6 1/2-1/2

[Event "Karl Mala Memorial op-B 17th"]
[Site "Frankfurt"]
[Date "2014.07.31"]
[Round "1"]
[White "Breitbach, Stephan"]
[Black "Giebitz, Walter"]
[Result "0-1"]
[WhiteElo "1685"]
[BlackElo "1354"]
[PlyCount "92"]
[EventDate "2014.07.31"]
[EventType "swiss"]
[EventRounds "7"]
[EventCountry "GER"]
[SourceTitle "EXT 2015"]
[Source "ChessBase"]
[SourceDate "2014.11.20"]
[SourceVersion "1"]
[SourceVersionDate "2014.11.20"]
[SourceQuality "1"]

1. e4 e5 2. Nf3 Nc6 3. d4 exd4 4. Nxd4 Nxd4 5. Qxd4 Qf6 6. e5 Qb6 7. Qxb6 axb6 8. Nc3 c6 9. Bc4 d5 10. exd6 Bxd6 11. 0-0 Ne7 12. Ne4 Bc7 13. Re1 0-0 14. Nf6+ gxf6 15. Rxe7 Bd6 16. Re3 b5 17. Bd3 Be6 18. b3 Be5 19. c3 Bxb3 20. a3 Rfd8 21. Rh3 Kf8 22. Bh6+ Ke7 23. Re1 Kd6 24. Bxh7 Kc7 25. Bc1 Rd1 26. Rxd1 Bxd1 27. Bf5 Rd8 28. Rd3 Rxd3 29. Bxd3 Bxc3 30. f3 Bd4+ 31. Kf1 Kd6 32. h4 Ke7 33. h5 Kf8 34. Bf5 Bb3 35. h6 Be6 36. Bxe6 fxe6 37. Ke2 f5 38. g4 fxg4 39. fxg4 Kf7 40. Be3 Bb2 41. g5 Kg6 42. Kd3 Bxa3 43. Kc3 Bd6 44. Kb3 Bg3 45. Kb4 e5 46. Kc5 Bf4 0-1

[Event "Karl Mala Memorial op 15th"]
[Site "Frankfurt"]
[Date "2012.07.06"]
[Round "3"]
[White "Breitbach, Stephan"]
[Black "Czikuss, Hans Joachim"]
[Result "0-1"]
[WhiteElo "1750"]
[BlackElo "1976"]
[PlyCount "28"]
[EventDate "2012.07.05"]
[EventType "swiss"]
[EventRounds "7"]
[EventCountry "GER"]
[SourceTitle "CBM 149 Extra"]
[Source "ChessBase"]
[SourceDate "2012.08.24"]
[SourceVersion "1"]
[SourceVersionDate "2012.08.24"]
[SourceQuality "1"]

1. c4 c5 2. Nc3 g6 3. g3 Bg7 4. Bg2 Nc6 5. a3 Nf6 6. Nf3 0-0 7. 0-0 d6 8. d3 h6 9. Bd2 Rb8 10. Qc1 Kh7 11. Rb1 a5 12. Ne1 Nd4 13. b4 a4 14. Nxa4 Nxe2+ 0-1

[Event "Karl Mala Memorial op 15th"]
[Site "Frankfurt"]
[Date "2012.07.06"]
[Round "2"]
[White "Thomsen, Phil"]
[Black "Breitbach, Stephan"]
[Result "0-1"]
[WhiteElo "1198"]
[BlackElo "1750"]
[PlyCount "64"]
[EventDate "2012.07.05"]
[EventType "swiss"]
[EventRounds "7"]
[EventCountry "GER"]
[SourceTitle "CBM 149 Extra"]
[Source "ChessBase"]
[SourceDate "2012.08.24"]
[SourceVersion "1"]
[SourceVersionDate "2012.08.24"]
[SourceQuality "1"]

1. c4 e5 2. g3 Nf6 3. Bg2 c6 4. e3 d5 5. cxd5 Nxd5 6. b3 Nb4 7. d4 exd4 8. a3 Nd5 9. Qxd4 Qd6 10. Nd2 Nf6 11. Bb2 Qxd4 12. Bxd4 Be7 13. Ne2 0-0 14. b4 Be6 15. Nf4 Bc8 16. Rc1 a5 17. Bc5 Bxc5 18. bxc5 a4 19. Nc4 Nfd7 20. Nd6 Ra5 21. Nd3 Na6 22. Bh3 Ndxc5 23. Nxc5 Nxc5 24. Bxc8 Nd3+ 25. Ke2 Nxc1+ 26. Rxc1 Rd5 27. Bxb7 Rxd6 28. Bxc6 Rc8 29. Rc4 Rdxc6 30. Rxa4 Rc2+ 31. Ke1 Ra2 32. Kf1 g6 0-1

[Event "Karl Mala Memorial op 15th"]
[Site "Frankfurt"]
[Date "2012.07.05"]
[Round "1"]
[White "Breitbach, Stephan"]
[Black "Hahn, Markus"]
[Result "0-1"]
[WhiteElo "1750"]
[BlackElo "2146"]
[PlyCount "70"]
[EventDate "2012.07.05"]
[EventType "swiss"]
[EventRounds "7"]
[EventCountry "GER"]
[SourceTitle "CBM 149 Extra"]
[Source "ChessBase"]
[SourceDate "2012.08.24"]
[SourceVersion "1"]
[SourceVersionDate "2012.08.24"]
[SourceQuality "1"]

1. c4 b6 2. Nc3 c5 3. e4 e6 4. g3 Bb7 5. Bg2 d6 6. Nge2 Be7 7. 0-0 Nc6 8. d3 Nf6 9. f4 h5 10. h3 Nd7 11. Be3 a6 12. d4 cxd4 13. Nxd4 Qc7 14. Qd2 Nxd4 15. Qxd4 Rc8 16. Na4 Qc6 17. Qd1 b5 18. cxb5 axb5 19. Rc1 Qa6 20. Rxc8+ Bxc8 21. Nc3 b4 22. Qa4 bxc3 23. Qxa6 Bxa6 24. Rf2 0-0 25. bxc3 Rb8 26. Rc2 Bc4 27. e5 dxe5 28. Bc6 exf4 29. Bxf4 Rb1+ 30. Kh2 Nf6 31. Bc1 Nd5 32. a4 Bd3 33. Ra2 Rxc1 34. a5 Be4 35. g4 Bd6# 0-1

[Event "Hessen-ch Gr-E 65th"]
[Site "Gladenbach"]
[Date "2011.04.24"]
[Round "5"]
[White "Breitbach, Stephan"]
[Black "Will, Steffen"]
[Result "0-1"]
[WhiteElo "1781"]
[BlackElo "1355"]
[PlyCount "60"]
[EventDate "2011.04.22"]
[EventType "swiss"]
[EventRounds "5"]
[EventCountry "GER"]
[SourceTitle "CBM 142 Extra"]
[Source "ChessBase"]
[SourceDate "2011.06.27"]
[SourceVersion "1"]
[SourceVersionDate "2011.06.27"]
[SourceQuality "1"]

1. c4 Nf6 2. g3 g6 3. Bg2 Bg7 4. Nc3 c6 5. d4 d6 6. e3 0-0 7. Nf3 Nbd7 8. 0-0 Rb8 9. Qc2 Qc7 10. b3 d5 11. Ba3 Re8 12. Rac1 e6 13. cxd5 exd5 14. Bb2 a6 15. a4 b5 16. axb5 axb5 17. b4 Qd6 18. Na2 Bb7 19. Ne5 Rec8 20. Nd3 Nb6 21. Nc5 Nc4 22. Ra1 Nd7 23. Nc1 Nxb2 24. Qxb2 Nxc5 25. bxc5 Qxc5 26. Nb3 Qb4 27. Ra7 c5 28. Qa2 cxd4 29. Nxd4 Bxd4 30. Bxd5 Bxd5 0-1

[Event "Hessen-ch Gr-E 65th"]
[Site "Gladenbach"]
[Date "2011.04.22"]
[Round "1"]
[White "Grueneschild, Hildegard"]
[Black "Breitbach, Stephan"]
[Result "1-0"]
[WhiteElo "1634"]
[BlackElo "1781"]
[PlyCount "63"]
[EventDate "2011.04.22"]
[EventType "swiss"]
[EventRounds "5"]
[EventCountry "GER"]
[SourceTitle "CBM 142 Extra"]
[Source "ChessBase"]
[SourceDate "2011.06.27"]
[SourceVersion "1"]
[SourceVersionDate "2011.06.27"]
[SourceQuality "1"]

1. c4 c5 2. Nc3 Nf6 3. g3 Nc6 4. Bg2 e6 5. e3 d5 6. cxd5 exd5 7. Nge2 d4 8. exd4 Nxd4 9. d3 Nxe2 10. Qxe2+ Be7 11. 0-0 0-0 12. Bf4 Bd6 13. Bg5 Re8 14. Ne4 Be5 15. Rab1 Bf5 16. Bxf6 Bxf6 17. Nxf6+ Qxf6 18. Qd2 Rad8 19. Rfe1 b6 20. Rxe8+ Rxe8 21. Rc1 Rd8 22. Bf1 Qd6 23. Rc3 b5 24. Qe3 Rc8 25. b4 c4 26. dxc4 bxc4 27. Rxc4 Rb8 28. a3 Rd8 29. Rc5 Qd1 30. Rxf5 Qa1 31. Qxa7 f6 32. Qe7 1-0

[Event "Frankfurt-ch"]
[Site "Frankfurt"]
[Date "2007.06.18"]
[Round "7"]
[White "Schellen, Sven"]
[Black "Breitbach, Stephan"]
[Result "1-0"]
[WhiteElo "1534"]
[BlackElo "1334"]
[PlyCount "43"]
[EventDate "2007.04.30"]
[EventType "swiss"]
[EventRounds "7"]
[EventCountry "GER"]
[SourceTitle "EXT 2008"]
[Source "ChessBase"]
[SourceDate "2007.11.25"]
[SourceVersion "1"]
[SourceVersionDate "2007.11.25"]
[SourceQuality "1"]

1. d4 d5 2. c4 e6 3. Nc3 Nf6 4. Nf3 Be7 5. Bf4 c6 6. e3 Nbd7 7. Bd3 Nh5 8. Ne5 Nxf4 9. exf4 Nf6 10. Qc2 Qb6 11. c5 Qc7 12. g4 g6 13. h4 Nd7 14. h5 Nxe5 15. fxe5 Rg8 16. hxg6 hxg6 17. Rh7 Bd7 18. f4 Rf8 19. Bxg6 0-0-0 20. Bxf7 Rh8 21. Qh2 Kb8 22. Rxh8 1-0

[Event "Rhein Main op 10th"]
[Site "Bad Homburg"]
[Date "2007.06.09"]
[Round "5"]
[White "Breitbach, Stephan"]
[Black "Hauck, Michael"]
[Result "1/2-1/2"]
[WhiteElo "1354"]
[BlackElo "1634"]
[PlyCount "45"]
[EventDate "2007.06.06"]
[EventType "swiss"]
[EventRounds "7"]
[EventCountry "GER"]
[SourceTitle "EXT 2008"]
[Source "ChessBase"]
[SourceDate "2007.11.25"]
[SourceVersion "1"]
[SourceVersionDate "2007.11.25"]
[SourceQuality "1"]

1. c4 b6 2. Nc3 Bb7 3. e4 e6 4. d4 Bb4 5. Nge2 Bxe4 6. a3 Bxc3+ 7. Nxc3 Bb7 8. Qg4 Qf6 9. Bg5 Qg6 10. Qg3 f6 11. Qxc7 Ba6 12. b4 Nc6 13. Be3 Rc8 14. Qd6 Nce7 15. b5 Bb7 16. Qb4 Nf5 17. Kd2 Nxe3 18. fxe3 Ne7 19. Rg1 Qh6 20. Bd3 Kf7 21. Be4 Nf5 22. Bxf5 exf5 23. Qd6 1/2-1/2

[Event "Rhein Main op 10th"]
[Site "Bad Homburg"]
[Date "2007.06.09"]
[Round "6"]
[White "Breitbach, Stephan"]
[Black "Peter, Falco"]
[Result "0-1"]
[WhiteElo "1354"]
[BlackElo "1513"]
[PlyCount "76"]
[EventDate "2007.06.06"]
[EventType "swiss"]
[EventRounds "7"]
[EventCountry "GER"]
[SourceTitle "EXT 2008"]
[Source "ChessBase"]
[SourceDate "2007.11.25"]
[SourceVersion "1"]
[SourceVersionDate "2007.11.25"]
[SourceQuality "1"]

1. c4 f5 2. Nc3 g6 3. Nf3 Bg7 4. d4 Nc6 5. e3 d6 6. g3 Nf6 7. Bg2 0-0 8. 0-0 e6 9. Nd2 a6 10. d5 Ne7 11. dxe6 c6 12. Nf3 Bxe6 13. Ng5 Bxc4 14. Re1 a5 15. Qd4 Ba6 16. Ne6 c5 17. Qf4 Qd7 18. Nxf8 Rxf8 19. Bf1 b5 20. Rd1 Ne8 21. Nd5 Bb7 22. Nxe7+ Qxe7 23. Bg2 Be5 24. Qh6 Bg7 25. Qh3 Bc8 26. Bd5+ Kh8 27. Qf1 Qe5 28. Qxb5 Nc7 29. Qc6 Nxd5 30. Rxd5 Qe4 31. Rxd6 Qb4 32. a3 Qe1+ 33. Kg2 f4 34. Qf3 fxg3 35. Qxg3 Bb7+ 36. Kh3 Qe2 37. Rd2 Qh5+ 38. Qh4 Rf3+ 0-1

[Event "Rhein Main op 10th"]
[Site "Bad Homburg"]
[Date "2007.06.06"]
[Round "1"]
[White "Geigle, Bruno"]
[Black "Breitbach, Stephan"]
[Result "1-0"]
[WhiteElo "2029"]
[BlackElo "1354"]
[PlyCount "51"]
[EventDate "2007.06.06"]
[EventType "swiss"]
[EventRounds "7"]
[EventCountry "GER"]
[SourceTitle "EXT 2008"]
[Source "ChessBase"]
[SourceDate "2007.11.25"]
[SourceVersion "1"]
[SourceVersionDate "2007.11.25"]
[SourceQuality "1"]

1. e4 e5 2. Nf3 Nc6 3. Bb5 d6 4. d4 exd4 5. Qxd4 Bd7 6. Bxc6 Bxc6 7. Nc3 Qf6 8. Qd3 Qg6 9. Bf4 Nf6 10. 0-0-0 Be7 11. Rhe1 Nh5 12. Bg3 Nxg3 13. hxg3 0-0-0 14. Nd4 Qg5+ 15. f4 Qc5 16. Nxc6 Qxc6 17. Nd5 Rhe8 18. Qd4 Bf6 19. Qxa7 b6 20. Re3 Kd7 21. Qa3 Ra8 22. Qb3 Re6 23. e5 Be7 24. f5 Bg5 25. fxe6+ fxe6 26. Nf4 1-0

[Event "Frankfurt-ch"]
[Site "Frankfurt"]
[Date "2007.06.04"]
[Round "5"]
[White "Nitschner, Hendrik"]
[Black "Breitbach, Stephan"]
[Result "0-1"]
[WhiteElo "1177"]
[BlackElo "1334"]
[PlyCount "76"]
[EventDate "2007.04.30"]
[EventType "swiss"]
[EventRounds "7"]
[EventCountry "GER"]
[SourceTitle "EXT 2008"]
[Source "ChessBase"]
[SourceDate "2007.11.25"]
[SourceVersion "1"]
[SourceVersionDate "2007.11.25"]
[SourceQuality "1"]

1. e4 e5 2. Nf3 Nc6 3. Bb5 d6 4. 0-0 Nf6 5. d3 Bg4 6. Be3 a6 7. Ba4 b5 8. Bb3 Na5 9. Nbd2 g6 10. h3 Nxb3 11. Nxb3 Bd7 12. Bg5 Be7 13. Re1 0-0 14. d4 exd4 15. Qxd4 c5 16. Qc3 Bc6 17. Bh6 Re8 18. Rad1 b4 19. Qe3 Qb6 20. e5 Nd5 21. Qd2 Rad8 22. Bg5 dxe5 23. Bxe7 Nxe7 24. Qg5 Rxd1 25. Rxd1 Bxf3 26. gxf3 Nf5 27. Re1 c4 28. Nd2 c3 29. Nc4 Qc5 30. b3 f6 31. Qxf6 Rf8 32. Qe6+ Kg7 33. Nxe5 Nd4 34. Qxa6 Nxf3+ 35. Nxf3 Rxf3 36. Qb7+ Rf7 37. Qg2 Rf5 38. Re2 Rg5 0-1

[Event "Frankfurt-ch"]
[Site "Frankfurt"]
[Date "2006.05.22"]
[Round "5"]
[White "Breitbach, Stephan"]
[Black "Scheerer, Michael"]
[Result "1/2-1/2"]
[WhiteElo "1361"]
[BlackElo "1399"]
[PlyCount "64"]
[EventDate "2006.04.24"]
[EventType "swiss"]
[EventRounds "7"]
[EventCountry "GER"]
[SourceTitle "EXT 2007"]
[Source "ChessBase"]
[SourceDate "2006.11.23"]
[SourceVersion "1"]
[SourceVersionDate "2006.11.23"]
[SourceQuality "1"]

1. d4 g6 2. c4 Nf6 3. Nc3 Bg7 4. Nf3 0-0 5. e4 d6 6. Be2 e5 7. d5 Nbd7 8. 0-0 Nc5 9. Bg5 Bg4 10. Nd2 Bxe2 11. Qxe2 h6 12. Be3 Ncd7 13. Nb3 a6 14. Qd2 g5 15. f3 Nh5 16. g4 Nhf6 17. h4 Nh7 18. hxg5 Nxg5 19. Qh2 f6 20. f4 Nf7 21. f5 b6 22. Ne2 Ng5 23. Ng3 Nc5 24. Nxc5 bxc5 25. Qh5 Qe8 26. Bxg5 Qxh5 27. Nxh5 hxg5 28. Nxg7 Kxg7 29. Kg2 Kf7 30. Rh1 Rh8 31. Kf3 Ke7 32. Ke3 Kd7 1/2-1/2

[Event "Frankfurt-ch"]
[Site "Frankfurt"]
[Date "2006.05.15"]
[Round "4"]
[White "Schmidt, Volker2222"]
[Black "Breitbach, Stephan"]
[Result "1-0"]
[WhiteElo "1547"]
[BlackElo "1361"]
[PlyCount "71"]
[EventDate "2006.04.24"]
[EventType "swiss"]
[EventRounds "7"]
[EventCountry "GER"]
[SourceTitle "EXT 2007"]
[Source "ChessBase"]
[SourceDate "2006.11.23"]
[SourceVersion "1"]
[SourceVersionDate "2006.11.23"]
[SourceQuality "1"]

1. e4 e5 2. Bc4 Be7 3. Qh5 g6 4. Qxe5 Nf6 5. Nf3 Nc6 6. Qf4 0-0 7. h4 Nh5 8. Qh6 Bf6 9. Ng5 Bxg5 10. hxg5 d6 11. b3 Qe7 12. f3 Qe5 13. c3 Ne7 14. Rxh5 gxh5 15. Qxh5 d5 16. Bd3 dxe4 17. Be2 exf3 18. Qxf3 Qxg5 19. Na3 c6 20. d4 Qh4+ 21. g3 Qh3 22. Bd2 Qf5 23. 0-0-0 Qxf3 24. Bxf3 Bf5 25. Nc4 b6 26. g4 Bg6 27. Ne5 Rac8 28. Nd7 Rfd8 29. Nf6+ Kg7 30. Nh5+ Bxh5 31. gxh5 Nd5 32. Rg1+ Kh8 33. c4 Nc7 34. Bxc6 Rg8 35. Rf1 Ne6 36. d5 1-0